000
00231nam a2200097Ia 4500
005
20251222114400.0
008
251222s1900||||xx |||||||||||||| ||spa||
082
_a
DVD0110/W61/2006
245
0
_a
La telaraƱa de Charlotte:
942
_c
DVD
999
_c
1606
_d
1606